Tartufo ; El avaro ; Las preciosas ridículas / (Record no. 55443)

MARC details
000 -CABECERA
campo de control de longitud fija 00690nam a2200193 a 4500
005 - FECHA Y HORA DE LA ÚLTIMA TRANSACCIÓN
campo de control 20220701131751.0
008 - ELEMENTOS DE LONGITUD FIJA--INFORMACIÓN GENERAL
campo de control de longitud fija 991125s1977 mx 000 0 spa u
035 ## - NÚMERO DE CONTROL DEL SISTEMA
Número de control de sistema UPN01000055443
049 ## - COLECCIÓN
Colección CE
050 #4 - SIGNATURA TOPOGRÁFICA DE LA BIBLIOTECA DEL CONGRESO
Número de clasificación PN6053
Número de documento/Ítem C6.2 no.14 1977
100 1# - ASIENTO PRINCIPAL--NOMBRE PERSONAL
Nombre de persona Molière,
Fechas asociadas al nombre 1622-1673
9 (RLIN) 28202
245 10 - MENCIÓN DE TÍTULO
Título Tartufo ; El avaro ; Las preciosas ridículas /
Mención de responsabilidad, etc. Moliére Jean Baptiste Poquelin ; tr. glosas explicativas y notas de Julio Gómez de la Serna ; nota prel. de Federico Carlos Sáinz de Robles.
260 ## - PUBLICACIÓN, DISTRIBUCIÓN, ETC.
Lugar de publicación, distribución, etc. México :
Nombre del editor, distribuidor, etc. Aguilar,
Fecha de publicación, distribución, etc. 1977.
300 ## - DESCRIPCIÓN FÍSICA
Extensión 377 p.
440 #0 - MENCIÓN DE SERIE/ASIENTO SECUNDARIO--TÍTULO
Título Crisol literario ;
Designación de volumen o secuencia 14
500 ## - NOTA GENERAL
Nota general Edición de lujo de bolsillo
650 #0 - ASIENTO SECUNDARIO DE MATERIA - TERMINO TEMATICO
Término de materia o nombre geográfico como elemento de entrada Teatro francés
9 (RLIN) 6168
905 ## - TIPO DE MATERIAL
Tipo de material Libro
Holdings
Estado de retiro Estado de pérdida Fuente del sistema de clasificación o colocación Estado dañado No para préstamo Código de colección Localización permanente Ubicación/localización actual Ubicación en estantería Fecha de adquisición Clasificación Código de barras Fecha visto por última vez Número de copia Tipo de ítem Koha
    Library of Congress Classification   Coleccion Esp. Colección Especial Bib. Gregorio Torres Quintero Bib. Gregorio Torres Quintero Colección Especial 02/05/2023 PN6053 C6.2 no.14 1977 34615 31/12/2020 1 Libro